Calculus and analytic geometry (Record no. 63809)

000 -LEADER
fixed length control field 00512nam a22001937a 4500
003 - CONTROL NUMBER IDENTIFIER
control field NUST - PNEC
005 - DATE AND TIME OF LATEST TRANSACTION
control field 20170116180823.0
008 - FIXED-LENGTH DATA ELEMENTS--GENERAL INFORMATION
fixed length control field 150626b xxu||||| |||| 00| 0 eng d
020 ## - INTERNATIONAL STANDARD BOOK NUMBER
International Standard Book Number 0201435705
040 ## - CATALOGING SOURCE
Transcribing agency LIBRARY
082 ## - DEWEY DECIMAL CLASSIFICATION NUMBER
Classification number 515.15 THO
100 ## - MAIN ENTRY--PERSONAL NAME
9 (RLIN) 4233
Personal name Thomas, George B.
245 ## - TITLE STATEMENT
Title Calculus and analytic geometry
Statement of responsibility, etc. George B. Thomas
250 ## - EDITION STATEMENT
Edition statement 9th ed
260 ## - PUBLICATION, DISTRIBUTION, ETC.
Place of publication, distribution, etc. New York
Name of publisher, distributor, etc. Addison-Wesley
Date of publication, distribution, etc. c1996.
300 ## - PHYSICAL DESCRIPTION
Extent Various Pages
650 ## - SUBJECT ADDED ENTRY--TOPICAL TERM
9 (RLIN) 4234
Topical term or geographic name entry element Analytic Geometry
General subdivision ME
942 ## - ADDED ENTRY ELEMENTS (KOHA)
Source of classification or shelving scheme
Koha item type Book
Holdings
Withdrawn status Lost status Source of classification or shelving scheme Damaged status Not for loan Permanent Location Current Location Shelving location Date acquired Source of acquisition Cost, normal purchase price Total Checkouts Full call number Barcode Date last seen Date last checked out Cost, replacement price Price effective from Koha item type
          Pakistan Navy Engineering College (PNEC) Pakistan Navy Engineering College (PNEC)     Donated Capital Book 2250.00 1 515.15 THO PNECLIB-029957 06/21/2016 06/21/2016 2250.00   Book
          Pakistan Navy Engineering College (PNEC) Pakistan Navy Engineering College (PNEC)   03/10/2001 Abrar & Sons / Library Grant 825.00 3 515.15 THO PNECLIB-024615 10/14/2016 10/14/2016 825.00 03/10/2001 Book
© 2023 Central Library, National University of Sciences and Technology. All Rights Reserved.